Adventures in reading : High beginning
This “Adventures in reading – High beginning” is the third in a series of three books promoting reading comprehension and vocabulary building skills for academic and social success. The structure of this textbook adapts the methods such as: adventure-based reading passages, pictures dictionary appro...
Spremljeno u:
| Glavni autor: | |
|---|---|
| Format: | Knjiga |
| Jezik: | Undetermined |
| Izdano: |
Singapore
McGraw-Hill
2005
|
| Teme: | |
| Oznake: |
Dodaj oznaku
Bez oznaka, Budi prvi tko označuje ovaj zapis!
|
| Thư viện lưu trữ: | Trung tâm Học liệu Trường Đại học Cần Thơ |
|---|
| LEADER | 01113nam a2200229Ia 4500 | ||
|---|---|---|---|
| 001 | CTU_132937 | ||
| 008 | 210402s9999 xx 000 0 und d | ||
| 020 | |c 101000 | ||
| 082 | |a 428.43 | ||
| 082 | |b B598 | ||
| 100 | |a Billings, Henry | ||
| 245 | 0 | |a Adventures in reading : | |
| 245 | 0 | |b High beginning | |
| 245 | 0 | |c Henry and Melissa Billings, Christy M. Newman | |
| 260 | |a Singapore | ||
| 260 | |b McGraw-Hill | ||
| 260 | |c 2005 | ||
| 520 | |a This “Adventures in reading – High beginning” is the third in a series of three books promoting reading comprehension and vocabulary building skills for academic and social success. The structure of this textbook adapts the methods such as: adventure-based reading passages, pictures dictionary approach to vocabulary building, critical reading skills, standardized tests formats, cooperative learning tasks with graphic organizers and internet search activities. | ||
| 650 | |a English language,Ngôn ngữ tiếng Anh | ||
| 650 | |x Reading,Đọc hiểu | ||
| 904 | |i Trọng Hiếu | ||
| 980 | |a Trung tâm Học liệu Trường Đại học Cần Thơ | ||